000 02116cam a22004694i 4500
003 PE-LiUPU
005 20250731173026.0
008 150623s r 000 0 d
020 _a184127190X
035 _a(Sirsi) i9781841271903
040 _aPE-LiUPU
_bspa
_cPE-LiUPU
_erda
049 _aPRUA
082 0 4 _a225.077
_bJ
_221
100 1 _aDeConick, April D.,
_eautor.
245 1 0 _aVoices of the mystics :
_bearly christian discourse in the gospels of John and Thomas and other ancient christian literature /
_cApril D. DeConick.
264 1 _aSheffield, England :
_bSheffield Academic Press,
_c2001.
300 _a191 páginas ;
_c22 centímetros
336 _atext
_2rdacontent
337 _aunmediated
_2rdamedia
338 _avolume
_2rdacarrier
490 0 _aJournal for the Study of the N.T. Supplement Series ;
_v157
504 _aIncluye bibliografía.
505 0 _aTraditio-rhetorical cristicism: a methodology for examining the discourse of intertraditions. -Vision mysticism in the ancient world: the religio-historical horizon. -Johannine polemic against vision mysticism: the traditio-religious horizon and the point of discurse. -Thomasine support for vision mysticism: the traditio-religious horizon of John's opponents. -Faith mysticisn inthe gospel of John: the interpretative trajectory and synthetic end point. -Vision mysticism in early syrian christian texts: the discourse continues.
526 _aSEG42
526 _aSEG41
526 _aSEG40
526 _aSEG39
526 _aP94
526 _aP87
526 _aP86
526 _aP85
526 _aP77
526 _aP76
526 _aP35
630 _aBiblia.
_pN.T.
_pJuan
_xComentarios.
942 _2ddc
_cBOOK
949 _a225.077 J
_wDEWEY
_c1
_i48012
_lCCODEBUL1
_mBUL
_r0
_sY
_tBOOK
_u2015-6-24
_xTEOLOGIA
_PP35
_0COMPRA
_o.STAFF. Colección General
994 _aC0
_bPEPRU
596 _a1
999 _a225.077 J
_wDEWEY
_c24483
_i48012
_d24483
_f2021-11-9
_g5
_lCCODEBUL1
_mBUL
_q1
_r0
_sY
_tBOOK
_u2015-6-24
_xTEOLOGIA
_PP35
_0COMPRA
_o.STAFF. Colección General
980 _81
_gALBERTO SANCHEZ Responsable de Automatización